A járási hivatal közbenső tevékenysége a községi tanácsok és a megyei tanács kapcsolatában

Elmentve itt :
Bibliográfiai részletek
Szerző: Roszkosné Török Mária
További közreműködők: nincs megadva (Témavezető)
Dokumentumtípus: Szakdolgozat
Megjelent: 1980
Tárgyszavak:
Online Access:http://diploma.bibl.u-szeged.hu/20068
LEADER 00640nta a2200157 i 4500
001 dipl20068
005 20130314075832.0
008 111213s1980 hu om 0|| zxx d
040 |a SZTE Diploma Repozitórium  |b hun 
041 |a zxx 
100 2 |a Roszkosné Török Mária 
245 1 2 |a A járási hivatal közbenső tevékenysége a községi tanácsok és a megyei tanács kapcsolatában  |h [elektronikus dokumentum] /  |c Mária Roszkosné Török 
260 |c 1980 
650 4 |a Jogi és igazgatási tanulmányok 
700 1 |a nincs megadva  |e ths 
856 4 0 |u http://diploma.bibl.u-szeged.hu/id/eprint/20068/1/1980_roszkosne_torok_maria.pdf  |z Dokumentum-elérés